OPAC Home

සඳහම් පැන විසඳුම් ප්‍ර‍ශ්නෝත්තර සංග්‍ර‍හය (Record no. 131741)

MARC details
000 -LEADER
fixed length control field 00552nam a2200169Ia 4500
003 - CONTROL NUMBER IDENTIFIER
control field LK-CoDNM
008 - FIXED-LENGTH DATA ELEMENTS--GENERAL INFORMATION
fixed length control field 010623t2011 xxu||||| |||| 00| 1 sin d
040 ## - CATALOGING SOURCE
Original cataloging agency LK-CoDNM
Modifying agency LK-CoDNM
Description conventions LK-CoDNM
041 ## - LANGUAGE CODE
Language code of text/sound track or separate title Sinhala; Sinhalese
080 ## - UNIVERSAL DECIMAL CLASSIFICATION NUMBER
Universal Decimal Classification number X 294.3 ARA
942 ## - ADDED ENTRY ELEMENTS (KOHA)
Koha item type Books
100 ## - MAIN ENTRY--PERSONAL NAME
Personal name Arachchi,Milton Malavi
245 ## - TITLE STATEMENT
Title සඳහම් පැන විසඳුම් ප්‍ර‍ශ්නෝත්තර සංග්‍ර‍හය
246 ## - VARYING FORM OF TITLE
Title proper/short title Sadaham Pana Visadum Prashnoththara Sangrahaya
260 ## - PUBLICATION, DISTRIBUTION, ETC. (IMPRINT)
Name of publisher, distributor, etc. Udaya Printers
Place of publication, distribution, etc. Ganemulla
Date of publication, distribution, etc. 2011
300 ## - PHYSICAL DESCRIPTION
Other physical details 128, 21 cm
Holdings
Withdrawn status Lost status Damaged status Not for loan Collection code Permanent Location Current Location Date acquired Full call number Barcode Koha item type
        Monographs Library National Museum Colombo - Sri Lanka Library National Museum Colombo - Sri Lanka 2023-08-02 X 294.3 ARA 156138 Books
Copyright © 2023 Department of National Museum, Colombo 07, Sri Lanka Funded by UNESCO IFAP UNESCO